000 01304nam a2200301Ia 4500
005 20220317001542.0
008 161108s2013 sp g 000 j s
020 _a9788494117305
100 1 _aKido, Okamoto
_d1872-1939
245 1 0 _aFantasmas y samuráis
_bcuentos modernos del viejo Japón
_cOkamoto Kid{ringb} ; traducción del japonés
_bIsami Romero Hoshino
250 _a1a. edición
300 _a252 páginas
_c23 cm
500 _aIncluye datos biográficos del autor
505 _aSeiajin: el espirítu de la rana azul -- El embarcadero del Tone -- Las almas de los hermanos -- Los ojos del mono -- El genio de las serpientes -- El pozo del manantial -- Yohen: la cerámica deformada -- Los cangrejos -- La mujer de una sola pierna -- El
650 1 4 _2LEMB
_aCuentos japoneses
_ySiglo XIX
650 1 4 _2LEMB
_aLiteratura japonesa
_ySiglo XIX
650 1 4 _2LEMB
_aFantasmas en la literatura
650 1 4 _2LEMB
_aSamurais en la literatura
650 1 4 _2LEMB
_aMisterio en la literatura
700 1 _aRomero Hoshino, Isami
_etraductor
_975640
942 _2loc
_cBKLIT
264 _aMadrid
_bQuaterni
_c2013
336 _atexto
_btxt
_2rdacontent
337 _asin mediación
_bn
_2rdamedia
338 _avolumen
_bnc
_2rdacarrier
040 _aCO-BoRNBP
_bspa
_erda
_cCO-BoRNBP
084 _aC KID2
999 _c7337
_d7337